000 00429nam a2200169Ia 4500
005 20250508150730.0
008 008 250505s9999 xx 000 0 eng d
037 _aTextual
040 _aFEDL
_beng
_cFEDL
041 _aeng
_2eng
084 _a796.54, MIT
_qFEDL
100 _aMitchell A V
_9757494
245 0 _aCamp counseling
300 _a388p.
942 _cTEXL
_h796.54, MIT
999 _c1325337
_d1325337